Human sexuality/ (Record no. 6404)
[ view plain ]
| 000 -LEADER | |
|---|---|
| fixed length control field | 00781nam a22002417a 4500 |
| 003 - CONTROL NUMBER IDENTIFIER | |
| control field | OSt |
| 005 - DATE AND TIME OF LATEST TRANSACTION | |
| control field | 20170320105920.0 |
| 008 - FIXED-LENGTH DATA ELEMENTS--GENERAL INFORMATION | |
| fixed length control field | 170320b xxu||||| |||| 00| 0 eng d |
| 020 ## - INTERNATIONAL STANDARD BOOK NUMBER | |
| International Standard Book Number | 10: 0-87893-465-0 |
| 082 ## - DEWEY DECIMAL CLASSIFICATION NUMBER | |
| Edition number | 2006 |
| Classification number | DC 306.7 |
| Item number | L57 |
| 100 ## - MAIN ENTRY--PERSONAL NAME | |
| 9 (RLIN) | 19337 |
| Personal name | LeVay, Simon |
| 245 ## - TITLE STATEMENT | |
| Title | Human sexuality/ |
| Statement of responsibility, etc. | Simon LeVay and Sharon M. Valente. |
| 250 ## - EDITION STATEMENT | |
| Edition statement | Second Edition |
| 260 ## - PUBLICATION, DISTRIBUTION, ETC. (IMPRINT) | |
| Place of publication, distribution, etc. | Sunderland, MA: |
| Name of publisher, distributor, etc. | Sinauer Associates, |
| Date of publication, distribution, etc. | c2006. |
| 300 ## - PHYSICAL DESCRIPTION | |
| Extent | xxvi, 651 pages: |
| Other physical details | color illustration; |
| Dimensions | 28 cm. |
| 500 ## - GENERAL NOTE | |
| General note | Includes bibliographical references and index. |
| 650 #0 - SUBJECT ADDED ENTRY--TOPICAL TERM | |
| 9 (RLIN) | 19338 |
| Topical term or geographic name as entry element | Sex (Psychology) |
| 650 #0 - SUBJECT ADDED ENTRY--TOPICAL TERM | |
| 9 (RLIN) | 19339 |
| Topical term or geographic name as entry element | Sex (Biology) |
| 650 #0 - SUBJECT ADDED ENTRY--TOPICAL TERM | |
| 9 (RLIN) | 19340 |
| Topical term or geographic name as entry element | Sex |
| General subdivision | Social aspects |
| 650 #0 - SUBJECT ADDED ENTRY--TOPICAL TERM | |
| 9 (RLIN) | 19341 |
| Topical term or geographic name as entry element | Sexual disorders |
| 700 ## - ADDED ENTRY--PERSONAL NAME | |
| 9 (RLIN) | 19342 |
| Personal name | Valente, Sharon McBride |
| Dates associated with a name | 1945- |
| 942 ## - ADDED ENTRY ELEMENTS (KOHA) | |
| Source of classification or shelving scheme | Dewey Decimal Classification |
| Koha item type | Circulation |
| Withdrawn status | Lost status | Source of classification or shelving scheme | Damaged status | Not for loan | Collection code | Home library | Current library | Date acquired | Source of acquisition | Total Checkouts | Full call number | Barcode | Date last seen | Copy number | Price effective from | Koha item type |
|---|---|---|---|---|---|---|---|---|---|---|---|---|---|---|---|---|
| Dewey Decimal Classification | Circulation | UM Digos College - LIC | UM Digos College - LIC | 04/22/2013 | PLMP | DC 306.7 L57 2006 | 22089 | 05/15/2025 | 1 | 03/20/2017 | Circulation |
